[Event "BCF-ch AM U1600 op"]
[White "Weldon, James"]
[Black "Cavi, Alexander"]
[Site "Hull"]
[Round "2"]
[Result "1-0"]
[Date "2024.07.30"]
[WhiteElo "1464"]
[BlackElo "1296"]
[PlyCount "43"]
[EventDate "2024.07.29"]
[EventType "swiss"]
[EventRounds "6"]
[EventCountry "ENG"]
[SourceTitle "CBM 221 Extra"]
[Source "ChessBase"]
[SourceDate "2024.09.30"]
[SourceVersion "1"]
[SourceVersionDate "2024.09.30"]
[SourceQuality "1"]

1. c4 e6 2. e4 Nc6 3. Nc3 g6 4. g3 Bg7 5. Nge2 Nge7 6. Bg2 f5 7. d3 b6 8. d4 fxe4 9. Nxe4 0-0 10. d5 exd5 11. cxd5 Ne5 12. d6 cxd6 13. Nxd6 N7c6 14. Bf4 g5 15. Bxe5 Bxe5 16. Qd5+ Kh8 17. Nf7+ Rxf7 18. Qxf7 Bxb2 19. Rd1 b5 20. Bxc6 Qa5+ 21. Kf1 Bb7 22. Rxd7 1-0